LEADER 01186nam 22003733 450 001 9910130635303321 005 20200403130610.0 035 $a(CKB)3400000000019469 035 $a(ItFiC)it 02413816 035 $a(EXLCZ)993400000000019469 100 $a20101102d2008 uy 0 101 0 $aita 200 00$aIntercultura e nonviolenza $epossibili strade di pace /$fa cura di Antonio Genovese 210 $aBologna $cCLUEB$d2008 215 $a168 p. ;$d21 cm 225 0$aHeuresis.$p[Sez.] 4.: Sezione di scienze dell'educazione Studi ;$v2 300 $aCollected essays, mostly presented to the congress, Bologna, 2006, and now revised. 311 $a88-491-3210-7 320 $aIncludes bibliographical references. 517 $aIntercultura e nonviolenza 517 $aIntercultura e nonviolenza : possibili strade di pace 517 $aIntecultura e nonviolenza 676 $a303 676 $a200 676 $a809 676 $a306 676 $a304 701 $aGenovese$b Antonio$f1943-$0515388 801 0$bItFiC 801 1$bItFiC 906 $aBOOK 912 $a9910130635303321 996 $aIntercultura e nonviolenza$9845122 997 $aUNINA LEADER 02985 am 2200481 n 450 001 9910214924203321 005 20170512 010 $a84-9096-121-2 035 $a(CKB)3710000001633521 035 $a(OCoLC)76879539 035 $a(FrMaCLE)OB-cvz-3103 035 $a(oapen)https://directory.doabooks.org/handle/20.500.12854/41205 035 $a(PPN)202674193 035 $a(EXLCZ)993710000001633521 100 $a20170530j|||||||| ||| 0 101 0 $afre 135 $auu||||||m|||| 181 $ctxt$2rdacontent 182 $cc$2rdamedia 183 $acr$2rdacarrier 200 12$aL'archipel des épices $eLa corruption de l'administration espagnole aux Philippines (fin xviiie - fin xixe siècle) /$fXavier Huetz de Lemps 210 $aMadrid $cCasa de Velázquez$d2017 215 $a1 online resource (XII-421 p.) 311 $a84-95555-94-8 330 $aAu XVIe siècle, les conquistadors de la frontière asiatique de l?Empire espagnol furent attirés sur ces lointains rivages par l?aimant des épices. Trois siècles plus tard, les fonctionnaires métropolitains viennent chercher aux Philippines des épices d?une tout autre nature : pots-de-vin, détournements de fonds publics, extorsions et prélèvements indus. L?objet de cet ouvrage est de décrire et, surtout, de comprendre la déviance publique généralisée qui affecte cette colonie espagnole. L?auteur établit une typologie des formes, souvent spectaculaires, que prend le brigandage administratif, de l?humble village aux plus hautes sphères de Manille. Il étudie ensuite les défaillances des systèmes de contrôle et de sanction des fonctionnaires corrompus. Enfin, il montre que les modalités clientélistes d?attribution des emplois publics, cumulées aux effets pervers de la situation coloniale, condamnent à l?échec les tentatives de moralisation de l?administration. Le cas philippin fait l?objet de constantes comparaisons, dans le temps et dans l?espace, avec l?Amérique espagnole de l?époque moderne, avec l?Espagne et Cuba ou avec d?autres colonies européennes du XIXe siècle. Enfin, la question est posée d?une éventuelle transmission de la corruption, par-delà la recolonisation américaine (1898-1946), aux Philippines d?aujourd?hui. 606 $aPolitical corruption$zPhiippines$xHistory$y19th century 606 $aSpaniards$zPhilippines$xHistory$y19th century 607 $aPhilippines$xPolitics and government$y1521-1898 607 $aSpain$xColonies$xAdministration$xHistory$y19th century 610 $aManille 610 $acolonie 610 $aPhilippines 610 $aEspagne 610 $acorruption 610 $aXIXème siècle 615 0$aPolitical corruption$xHistory 615 0$aSpaniards$xHistory 700 $aHuetz de Lemps$b Xavier$01239420 801 0$bFR-FrMaCLE 906 $aBOOK 912 $a9910214924203321 996 $aL'archipel des e?pices$92875825 997 $aUNINA LEADER 04398oam 2200661 c 450 001 996309063703316 005 20240424225715.0 010 $a3-8394-4747-X 024 7 $a10.14361/9783839447475 035 $a(CKB)4930000000056156 035 $a(OAPEN)1005274 035 $a(DE-B1597)521833 035 $a(OCoLC)1110712701 035 $a(DE-B1597)9783839447475 035 $a(ScCtBLL)126fc999-6290-4f79-8fb6-738f5444d5d6 035 $a(MiAaPQ)EBC6637550 035 $a(Au-PeEL)EBL6637550 035 $a(transcript Verlag)9783839447475 035 $a(MiAaPQ)EBC6956063 035 $a(Au-PeEL)EBL6956063 035 $a(oapen)https://directory.doabooks.org/handle/20.500.12854/38077 035 $a(EXLCZ)994930000000056156 100 $a20220221d2019 uy 0 101 0 $ager 135 $auuuuu---auuuu 181 $ctxt$2rdacontent 182 $cc$2rdamedia 183 $acr$2rdacarrier 200 00$aPolitische Kulturforschung reloaded$eNeue Theorien, Methoden und Ergebnisse$fWolfgang Bergem, Paula Diehl, Hans J. Lietzmann 205 $a1st ed. 210 $aBielefeld$ctranscript Verlag$d2019 215 $a1 online resource (328 p.) 225 0 $aEdition Politik$v76 311 $a3-8376-4747-1 327 $aFrontmatter 1 Inhalt 5 Vorwort 9 Kulturen politischer Partizipation 15 Interdisziplinarita?t, Politische Repra?sentation und das Imagina?re 39 Deutungsmacht als machtsensible Perspektive politischer Kulturforschung 61 ?Doing political culture? in Alltagspraktiken der Politisierung von Konsum 89 Politische Reartikulationen kultureller Topoi in populistischen Verstetigungsprozessen 111 Politische Kultur und Komik 135 Politische TV-Serien und Politische Kultur 161 Good Night, and Good Luck 185 Alltagskulturelle Selbstdisziplinierung 203 Die Identita?ten des Populismus 227 ?Identita?t? in politischer Kultur, Demokratietheorie und der Identita?ren Bewegung 249 »Wir sind das Volk« 273 Identita?tserza?hlungen im Konflikt 295 Autorinnen und Autoren 321 330 $aDie Prozesse kultureller Transformation in den gegenwa?rtigen Demokratien lassen sich mit den traditionellen Ansa?tzen der politischen Kulturforschung, bei denen vor allem politische Pra?ferenzen untersucht werden, nicht mehr ada?quat erfassen. Um die Wirksamkeit kultureller Dispositionen der Wahrnehmung und Beurteilung des Politischen sowie politischen Entscheidens und Handelns heute verstehen und analysieren zu ko?nnen, bedarf es neuer Konzepte. Dieser Band versammelt Beitra?ge mit Befunden aktueller Forschung zu den politischen Dimensionen von Kultur und den kulturellen Dimensionen von Politik sowie mit innovativen theoretischen, programmatischen und methodischen Ansa?tzen. 330 1 $a»Die Lektu?re des Bandes [nutzt] nicht nur theoretisch interessierten Lesern, sondern auch denjenigen, die Impulse fu?r die Unterrichtspraxis suchen.« Carl Deichmann, Deutsche Vereinigung fu?r politische Bildung e.V., 8 (2020) 410 0$aEdition Politik 606 $aPolitische Kultur; Medien; Identita?t; Narrative; Populismus; Kultur; Politik; Politische Theorie; Zivilgesellschaft; Demokratie; Soziale Bewegungen; Politikwissenschaft; Political Culture; Media; Identity; Populism; Culture; Politics; Political Theory; Civil Society; Democracy; Social Movements; Political Science; 610 $aCivil Society. 610 $aDemocracy. 610 $aPolitical Science. 610 $aPolitical Theory. 610 $aPolitics. 610 $aSocial Movements. 615 4$aPolitische Kultur; Medien; Identita?t; Narrative; Populismus; Kultur; Politik; Politische Theorie; Zivilgesellschaft; Demokratie; Soziale Bewegungen; Politikwissenschaft; Political Culture; Media; Identity; Populism; Culture; Politics; Political Theory; Civil Society; Democracy; Social Movements; Political Science; 676 $a320.072/7 700 $aBergem$b Wolfgang$4edt$01433408 702 $aBergem$b Wolfgang$4edt 702 $aDiehl$b Paula$4edt 702 $aLietzmann$b Hans J$4edt 712 02$atranscript: Open Library 2019 (Politik)$4fnd$4http://id.loc.gov/vocabulary/relators/fnd 801 0$bDE-B1597 801 1$bDE-B1597 906 $aBOOK 912 $a996309063703316 996 $aPolitische Kulturforschung reloaded$93581236 997 $aUNISA